Normal view
MARC view
- Kaur Taranpreet
Entry Personal Name
001 - CONTROL NUMBER
- control field: 215558
003 - CONTROL NUMBER IDENTIFIER
- control field: OSt
005 - DATE AND TIME OF LATEST TRANSACTION
- control field: 20251128133339.0
008 - FIXED-LENGTH DATA ELEMENTS
- fixed length control field: 251128|| aca||aabn | a|a d
040 ## - CATALOGING SOURCE
- Original cataloging agency: OSt
- Transcribing agency: OSt
100 ## - HEADING--PERSONAL NAME
- Personal name: Kaur Taranpreet
670 ## - SOURCE DATA FOUND
- Source citation: Work cat.: (OSt)369188: Kaur Taranpreet , Integrated Supervised Internship for GNM 3rd year part II nursing Students , 2025